[Event "DVM U16 2003"]
[Site "Greifswald GER"]
[Date "2003.12.27"]
[Round "1"]
[White "Baldauf, Marco"]
[Black "Ihl, Thomas"]
[Result "1-0"]
[Termination "normal"]
[Board "7.1"]
[WhiteElo "2131"]
[BlackElo "1707"]
[WhiteTeam "SG Pang/Rosenheim"]
[BlackTeam "SC Rochade Saarlouis 93"]
[PlyCount "71"]
[WhiteFideId "4688210"]
[EventCountry "GER"]
[EventRounds "7"]
[EventType "team-swiss"]
[EventDate "2003.12.26"]

1. e4 c5 2. Nf3 d6 3. d4 cxd4 4. Nxd4 Nf6 5. Nc3 g6 6. Be3 Bg7 7. f3 O-O 8. Qd2
Nc6 9. O-O-O Bd7 10. g4 Rc8 11. Kb1 Ne5 12. g5 Nh5 13. Nd5 Nc4 14. Bxc4 Rxc4
15. Ne2 a6 16. Bb6 Qe8 17. Ng3 Be6 18. Nxh5 gxh5 19. b3 Bxd5 20. Qxd5 Rb4 21.
Bd4 Rb5 22. Qc4 Qc6 23. Qxc6 bxc6 24. Rhg1 Bxd4 25. Rxd4 Rd8 26. h4 Kg7 27. c4
Rbb8 28. Rgd1 c5 29. Rd5 Rb6 30. Rxc5 dxc5 31. Rxd8 Rd6 32. Rxd6 exd6 33. Kc2
h6 34. gxh6+ Kxh6 35. a3 Kg6 36. b4 1-0

[Event "DVM U16 2003"]
[Site "Greifswald GER"]
[Date "2003.12.27"]
[Round "1"]
[White "Thiery, Ian"]
[Black "Lindenberg, Georg"]
[Result "0-1"]
[Termination "normal"]
[Board "7.2"]
[WhiteElo "1602"]
[BlackElo "1889"]
[WhiteTeam "SC Rochade Saarlouis 93"]
[BlackTeam "SG Pang/Rosenheim"]
[PlyCount "60"]
[BlackFideId "24612170"]
[EventCountry "GER"]
[EventRounds "7"]
[EventType "team-swiss"]
[EventDate "2003.12.26"]

1. e4 c5 2. Nf3 e6 3. d4 cxd4 4. Nxd4 Qb6 5. Nb3 Qc7 6. Nc3 a6 7. Be3 b5 8. a3
Bb7 9. Bd3 Nf6 10. O-O d5 11. exd5 Nxd5 12. Nxd5 Bxd5 13. Rc1 Bd6 14. h3 Nd7
15. Nd2 Qb7 16. Nf3 Ne5 17. Be2 O-O 18. Bd4 Nc6 19. c4 Nxd4 20. Qxd4 bxc4 21.
Rfd1 Rfd8 22. Qc3 Rac8 23. Ne1 f6 24. Bf3 Be5 25. Bxd5 exd5 26. Qa5 Qb5 27.
Qxb5 axb5 28. Rc2 d4 29. g3 d3 30. Nxd3 cxd3 0-1

[Event "DVM U16 2003"]
[Site "Greifswald GER"]
[Date "2003.12.27"]
[Round "1"]
[White "Baldauf, Manuel"]
[Black "Loew, Frederic"]
[Result "1/2-1/2"]
[Termination "normal"]
[Board "7.3"]
[WhiteElo "1658"]
[BlackElo "1456"]
[WhiteTeam "SG Pang/Rosenheim"]
[BlackTeam "SC Rochade Saarlouis 93"]
[PlyCount "71"]
[WhiteFideId "4648528"]
[EventCountry "GER"]
[EventRounds "7"]
[EventType "team-swiss"]
[EventDate "2003.12.26"]

1. e4 c5 2. Nf3 d6 3. d4 cxd4 4. Nxd4 Nf6 5. Nc3 g6 6. Be3 Bg7 7. f3 O-O 8. Qd2
Nc6 9. Bc4 Bd7 10. O-O-O a6 11. g4 b5 12. Bb3 Na5 13. g5 Nxb3+ 14. cxb3 Nh5 15.
Kb1 Qb8 16. Nde2 a5 17. Bd4 a4 18. b4 Be6 19. Bxg7 Nxg7 20. Nd5 Qb7 21. a3 Rac8
22. h4 Rc4 23. Nef4 Bc8 24. Rc1 Rxc1+ 25. Rxc1 e5 26. Rc7 Qa6 27. Nf6+ Kh8 28.
N4d5 Ne6 29. Rc1 Nd4 30. Qf2 Be6 31. h5 Bxd5 32. exd5 Rc8 33. Rxc8+ Qxc8 34.
hxg6 fxg6 35. Ne4 Qc4 36. Nxd6 1/2-1/2

[Event "DVM U16 2003"]
[Site "Greifswald GER"]
[Date "2003.12.27"]
[Round "1"]
[White "Schwanengel, Moritz"]
[Black "Häußler, Philipp"]
[Result "0-1"]
[Termination "normal"]
[Board "7.4"]
[WhiteElo "1184"]
[BlackElo "1705"]
[WhiteTeam "SC Rochade Saarlouis 93"]
[BlackTeam "SG Pang/Rosenheim"]
[PlyCount "72"]
[EventCountry "GER"]
[EventRounds "7"]
[EventType "team-swiss"]
[EventDate "2003.12.26"]

1. e4 e6 2. d4 d5 3. exd5 exd5 4. Nf3 Bd6 5. Be2 h6 6. O-O Nf6 7. Nc3 c6 8. Re1
O-O 9. Bd2 Qc7 10. h3 Ne4 11. Bd3 f5 12. Bxe4 fxe4 13. Nh4 Qf7 14. f3 Bg3 15.
Re3 Bxh4 16. Qe2 Bg5 17. fxe4 Bxe3+ 18. Bxe3 dxe4 19. Nxe4 Qg6 20. Nf2 Be6 21.
c4 Nd7 22. b3 Rae8 23. Re1 a6 24. Kh2 Bf5 25. Qd2 Nf6 26. d5 cxd5 27. cxd5 Be4
28. Nxe4 Qxe4 29. d6 Qe5+ 30. Kg1 Ne4 31. Qd3 Qxd6 32. Qc4+ Qe6 33. Qb4 Qc6 34.
Rc1 Qb5 35. Qd4 Ng3 36. Kh2 Nf5 0-1

[Event "DVM U16 2003"]
[Site "Greifswald GER"]
[Date "2003.12.27"]
[Round "1"]
[White "Galbraith, Martin"]
[Black "Großmann, Susan"]
[Result "1/2-1/2"]
[Termination "normal"]
[Board "8.1"]
[WhiteElo "2095"]
[BlackElo "1886"]
[WhiteTeam "SK Gau-Algesheim"]
[BlackTeam "SG Aufbau Elbe Magdeburg"]
[PlyCount "56"]
[WhiteFideId "4697448"]
[BlackFideId "24608220"]
[EventCountry "GER"]
[EventRounds "7"]
[EventType "team-swiss"]
[EventDate "2003.12.26"]

1. c4 d6 2. d4 g6 3. g3 Bg7 4. Nf3 Nc6 5. Bg2 e5 6. d5 Nce7 7. Nc3 f5 8. O-O
Nf6 9. Ng5 O-O 10. Ne6 Bxe6 11. dxe6 c6 12. Qb3 Qc7 13. Rd1 Rad8 14. Qa4 Nc8
15. b4 Rfe8 16. b5 e4 17. bxc6 Qxc6 18. Qb3 Rxe6 19. Rb1 Re7 20. Bf4 Kh8 21.
Rd2 Nb6 22. Nd5 Nbxd5 23. cxd5 Qd7 24. Be3 b6 25. Bd4 Rc8 26. Qb2 Ne8 27. e3
Qd8 28. Bf1 Rf7 1/2-1/2

[Event "DVM U16 2003"]
[Site "Greifswald GER"]
[Date "2003.12.27"]
[Round "1"]
[White "Reichel, Matti"]
[Black "Becker, Matthias"]
[Result "0-1"]
[Termination "normal"]
[Board "8.2"]
[WhiteElo "1614"]
[BlackElo "1486"]
[WhiteTeam "SG Aufbau Elbe Magdeburg"]
[BlackTeam "SK Gau-Algesheim"]
[PlyCount "78"]
[BlackFideId "24625850"]
[EventCountry "GER"]
[EventRounds "7"]
[EventType "team-swiss"]
[EventDate "2003.12.26"]

1. e4 e6 2. d4 d5 3. Nc3 Bb4 4. e5 c5 5. a3 Bxc3+ 6. bxc3 Nc6 7. f4 Qa5 8. Bd2
c4 9. g4 Bd7 10. Be2 O-O-O 11. Qb1 Kb8 12. Qb2 Nge7 13. Nf3 h6 14. Kf2 f6 15.
Rab1 Qc7 16. Rbf1 fxe5 17. fxe5 Rdf8 18. Kg3 Ng6 19. h4 Bc8 20. Qc1 Ka8 21. h5
Nge7 22. Bf4 Rf7 23. Nh4 Rhf8 24. Rf3 a6 25. Rhf1 Qa5 26. Kh3 Ka7 27. Kg3 Ka8
28. Ng6 Nxg6 29. hxg6 Rd7 30. Bxh6 Rxf3+ 31. Rxf3 gxh6 32. Qxh6 Qc7 33. g5 Ne7
34. g7 Ng8 35. Qh8 Rxg7 36. Rf8 Rxg5+ 37. Kf4 Rg1 38. Rxg8 Qf7+ 39. Qf6 Qxg8
0-1

[Event "DVM U16 2003"]
[Site "Greifswald GER"]
[Date "2003.12.27"]
[Round "1"]
[White "Ozga, Christian"]
[Black "Schwenke, Vincent"]
[Result "0-1"]
[Termination "normal"]
[Board "8.3"]
[WhiteElo "1253"]
[BlackElo "1560"]
[WhiteTeam "SK Gau-Algesheim"]
[BlackTeam "SG Aufbau Elbe Magdeburg"]
[PlyCount "120"]
[BlackFideId "24620467"]
[EventCountry "GER"]
[EventRounds "7"]
[EventType "team-swiss"]
[EventDate "2003.12.26"]

1. e4 c6 2. Nf3 d5 3. e5 Bf5 4. d4 e6 5. Bd3 Bxd3 6. Qxd3 Nd7 7. O-O Qb6 8. c3
c5 9. Na3 cxd4 10. cxd4 Rc8 11. Rb1 Ne7 12. Be3 Nc6 13. Rfc1 Be7 14. Nb5 O-O
15. Nc3 Qd8 16. a3 Nb6 17. Rc2 Nc4 18. Rbc1 N6a5 19. Nd1 b5 20. Nd2 Qb6 21.
Nxc4 bxc4 22. Qf1 Nb3 23. Rb1 Nxd4 24. Bxd4 Qxd4 25. Qe2 Rb8 26. Rd2 Qc5 27.
Rc1 Qa5 28. Rc3 Rb7 29. Rh3 Bg5 30. Rc2 Rfb8 31. Rg3 Bh6 32. Rf3 Rb3 33. Rfc3
Qc7 34. g3 g6 35. Rxb3 Rxb3 36. Rc3 Qb6 37. Rxb3 Qxb3 38. f4 Bf8 39. Qe3 Qxd1+
40. Kf2 Qc2+ 41. Qe2 Bc5+ 42. Kf1 Qxe2+ 43. Kxe2 Bd4 44. Kd2 Bxb2 45. a4 d4 46.
Kc2 Bc3 47. h4 Kf8 48. g4 Be1 49. h5 gxh5 50. gxh5 d3+ 51. Kd1 Ba5 52. f5 exf5
53. h6 f4 54. e6 fxe6 55. Kc1 f3 56. Kd1 f2 57. Kc1 f1=Q+ 58. Kb2 Qe2+ 59. Ka3
d2 60. Ka2 d1=Q+ 0-1

[Event "DVM U16 2003"]
[Site "Greifswald GER"]
[Date "2003.12.27"]
[Round "1"]
[White "Spandel, Michael"]
[Black "Grieb, Tobias"]
[Result "1-0"]
[Termination "normal"]
[Board "8.4"]
[WhiteElo "1544"]
[BlackElo "973"]
[WhiteTeam "SG Aufbau Elbe Magdeburg"]
[BlackTeam "SK Gau-Algesheim"]
[PlyCount "47"]
[BlackFideId "1270616"]
[EventCountry "GER"]
[EventRounds "7"]
[EventType "team-swiss"]
[EventDate "2003.12.26"]

1. e4 e6 2. d4 d5 3. e5 c5 4. c3 Nc6 5. Nf3 Qb6 6. b3 Nge7 7. Bb2 Nf5 8. Be2
Qa5 9. O-O Qb6 10. Qd2 Be7 11. Bd1 h6 12. Bc2 c4 13. b4 h5 14. a4 a6 15. Na3
Qc7 16. b5 axb5 17. Nxb5 Qb6 18. Rfb1 Bd8 19. Ba3 h4 20. Nd6+ Nxd6 21. Rxb6
Bxb6 22. Bxd6 h3 23. g3 f6 24. Qf4 1-0

[Event "DVM U16 2003"]
[Site "Greifswald GER"]
[Date "2003.12.27"]
[Round "1"]
[White "Ehrhardt, Eric"]
[Black "Willert, Christof"]
[Result "1/2-1/2"]
[Termination "normal"]
[Board "9.1"]
[WhiteElo "2060"]
[BlackElo "1536"]
[WhiteTeam "SG Turm Leipzig"]
[BlackTeam "Schachverein Gryps"]
[PlyCount "43"]
[WhiteFideId "24602450"]
[EventCountry "GER"]
[EventRounds "7"]
[EventType "team-swiss"]
[EventDate "2003.12.26"]

1. e4 e6 2. d4 d5 3. Be3 dxe4 4. Nd2 Nf6 5. c3 Be7 6. Qc2 O-O 7. Ne2 Nbd7 8.
O-O-O c5 9. dxc5 Bxc5 10. Bxc5 Nxc5 11. Nxe4 Qe7 12. Nxf6+ Qxf6 13. Ng3 Qg5+
14. Kb1 Qg6 15. Qxg6 hxg6 16. Be2 b6 17. Bf3 Bb7 18. Bxb7 Nxb7 19. Ne4 Rfd8 20.
Kc2 Kf8 21. f3 Ke7 22. Rxd8 1/2-1/2

[Event "DVM U16 2003"]
[Site "Greifswald GER"]
[Date "2003.12.27"]
[Round "1"]
[White "Völsgen, Georg"]
[Black "Schumacher, Markus"]
[Result "0-1"]
[Termination "normal"]
[Board "9.2"]
[WhiteElo "1449"]
[BlackElo "1629"]
[WhiteTeam "Schachverein Gryps"]
[BlackTeam "SG Turm Leipzig"]
[PlyCount "84"]
[WhiteFideId "24635901"]
[EventCountry "GER"]
[EventRounds "7"]
[EventType "team-swiss"]
[EventDate "2003.12.26"]

1. e4 d5 2. exd5 Nf6 3. d4 Nxd5 4. Nf3 Bg4 5. h3 Bh5 6. Be2 e6 7. c3 Nd7 8. Ne5
Bxe2 9. Qxe2 Be7 10. O-O Nxe5 11. Qxe5 Bf6 12. Qe2 Qd7 13. Nd2 O-O-O 14. Ne4
Be7 15. Rd1 f5 16. Ng5 Bxg5 17. Bxg5 Rdf8 18. Re1 h6 19. Bd2 Rf6 20. c4 Ne7 21.
Bc3 f4 22. d5 f3 23. Qe3 Rg6 24. g4 Kb8 25. Qxf3 h5 26. dxe6 Qc8 27. Qe4 hxg4
28. hxg4 Rh4 29. f3 Qh8 30. Kf1 Rh2 31. Re2 Rh1+ 32. Kf2 Rxa1 33. Bb4 Qh2+ 34.
Ke3 Qh6+ 35. Kf2 Qh1 36. Ke3 Qg1+ 37. Rf2 Rf1 38. Bxe7 Re1+ 39. Kd3 Rxe4 40.
Rd2 Qd4+ 41. Kc2 Qxc4+ 42. Kd1 Rd4 0-1

[Event "DVM U16 2003"]
[Site "Greifswald GER"]
[Date "2003.12.27"]
[Round "1"]
[White "Jänig, Philipp"]
[Black "Hollatz, Michael"]
[Result "1-0"]
[Termination "normal"]
[Board "9.3"]
[WhiteElo "1494"]
[BlackElo "1339"]
[WhiteTeam "SG Turm Leipzig"]
[BlackTeam "Schachverein Gryps"]
[PlyCount "45"]
[BlackFideId "4622820"]
[EventCountry "GER"]
[EventRounds "7"]
[EventType "team-swiss"]
[EventDate "2003.12.26"]

1. e4 e5 2. d4 exd4 3. Bc4 Nc6 4. Nf3 Bc5 5. O-O Nf6 6. e5 Ng4 7. Bf4 O-O 8. h3
Nh6 9. Bxh6 gxh6 10. Nbd2 d6 11. Ne4 Bb6 12. Nf6+ Kg7 13. Nh5+ Kg8 14. Qd2 Kh8
15. Qxh6 Rg8 16. Bd3 f5 17. exf6 Qd7 18. Ng5 Rxg5 19. Qxg5 Ne5 20. f7 Qxf7 21.
Qd8+ Qg8 22. Qf6+ Qg7 23. Qxg7# 1-0

[Event "DVM U16 2003"]
[Site "Greifswald GER"]
[Date "2003.12.27"]
[Round "1"]
[White "Zimmermann, Gordon"]
[Black "Ebert, Andreas"]
[Result "0-1"]
[Termination "normal"]
[Board "9.4"]
[WhiteElo "1336"]
[BlackElo "1624"]
[WhiteTeam "Schachverein Gryps"]
[BlackTeam "SG Turm Leipzig"]
[PlyCount "82"]
[WhiteFideId "24624330"]
[EventCountry "GER"]
[EventRounds "7"]
[EventType "team-swiss"]
[EventDate "2003.12.26"]

1. e4 e6 2. d4 d5 3. e5 c5 4. c3 Ne7 5. Nf3 Nec6 6. a3 Nd7 7. Be3 a6 8. b4 cxd4
9. cxd4 Be7 10. Be2 O-O 11. O-O f6 12. Bf4 Qb6 13. Bg3 fxe5 14. dxe5 Qc7 15.
Qc2 Qd8 16. Bd3 h6 17. Bxa6 Rxa6 18. b5 Rb6 19. bxc6 Rxc6 20. Qg6 Qe8 21. Qxe8
Rxe8 22. Nd4 Rb6 23. f4 Bc5 24. Bf2 Rf8 25. Be3 Rc6 26. Rf3 Bxd4 27. Bxd4 Rc4
28. Be3 Nc5 29. Bxc5 Rxc5 30. Rf1 Bd7 31. g3 Bb5 32. Rd1 Rc2 33. Rd2 Rc1+ 34.
Kf2 g5 35. Kf3 gxf4 36. gxf4 Rf1+ 37. Rf2 Rxf2+ 38. Kxf2 Rxf4+ 39. Kg2 Rf1 40.
Kg3 Bd3 41. Kg2 Rxb1 0-1

[Event "DVM U16 2003"]
[Site "Greifswald GER"]
[Date "2003.12.27"]
[Round "1"]
[White "Hirschfeld, Sebastian"]
[Black "Hoffmann, Udo"]
[Result "0-1"]
[Termination "normal"]
[Board "10.1"]
[WhiteElo "1443"]
[BlackElo "2138"]
[WhiteTeam "Schachverein Gryps 2"]
[BlackTeam "SF 74 Heinsberg"]
[PlyCount "68"]
[BlackFideId "24605735"]
[EventCountry "GER"]
[EventRounds "7"]
[EventType "team-swiss"]
[EventDate "2003.12.26"]

1. e4 c5 2. d4 cxd4 3. Nf3 Nc6 4. Nxd4 Nf6 5. Nc3 e5 6. Nxc6 bxc6 7. Bc4 Bb4 8.
Bd2 O-O 9. O-O Qe7 10. Re1 Bb7 11. a3 Ba5 12. b4 Bb6 13. Be3 Rad8 14. Bxb6 axb6
15. Qf3 d5 16. Bd3 Rd6 17. Rad1 Bc8 18. h3 d4 19. Na4 Nd7 20. Qg3 Rg6 21. Qh2
Re8 22. c3 b5 23. Nc5 Nxc5 24. bxc5 dxc3 25. Re2 Qxc5 26. Rc2 Rd6 27. Qg3 Red8
28. Rcc1 f6 29. Be2 Rxd1+ 30. Bxd1 Qxa3 31. Qe3 Rd2 32. Rb1 c2 33. Bxc2 Qxe3
34. Bb3+ Qxb3 0-1

[Event "DVM U16 2003"]
[Site "Greifswald GER"]
[Date "2003.12.27"]
[Round "1"]
[White "van Orsouw, Niclas"]
[Black "Hartmann, Elisa"]
[Result "1-0"]
[Termination "normal"]
[Board "10.2"]
[WhiteElo "1645"]
[BlackElo "1208"]
[WhiteTeam "SF 74 Heinsberg"]
[BlackTeam "Schachverein Gryps 2"]
[PlyCount "21"]
[BlackFideId "4616235"]
[EventCountry "GER"]
[EventRounds "7"]
[EventType "team-swiss"]
[EventDate "2003.12.26"]

1. e4 e5 2. Nc3 Nf6 3. f4 exf4 4. e5 Ng8 5. Nf3 Be7 6. Bc4 Bh4+ 7. Kf1 Nc6 8.
d4 g5 9. Nxh4 gxh4 10. Qh5 Qe7 11. Nd5 1-0

[Event "DVM U16 2003"]
[Site "Greifswald GER"]
[Date "2003.12.27"]
[Round "1"]
[White "Nautsch, Andreas"]
[Black "Vieten, Florian"]
[Result "0-1"]
[Termination "normal"]
[Board "10.3"]
[WhiteElo "1139"]
[BlackElo "1538"]
[WhiteTeam "Schachverein Gryps 2"]
[BlackTeam "SF 74 Heinsberg"]
[PlyCount "104"]
[EventCountry "GER"]
[EventRounds "7"]
[EventType "team-swiss"]
[EventDate "2003.12.26"]

1. e4 d5 2. exd5 Nf6 3. Bc4 Nxd5 4. Nf3 Nc6 5. O-O g6 6. Bxd5 Qxd5 7. Nc3 Qd8
8. d4 Bg7 9. Be3 O-O 10. Qd2 Bg4 11. d5 Na5 12. Nd4 Nc4 13. Qc1 c6 14. b3 Nxe3
15. Qxe3 e5 16. Nde2 cxd5 17. f3 d4 18. Qd2 dxc3 19. Qxd8 Raxd8 20. fxg4 Rd2
21. Nxc3 Rc8 22. Ne4 Re2 23. Nd6 Rcxc2 24. Rxf7 Rxg2+ 25. Kf1 Rxh2 26. Ke1
Rhe2+ 27. Kf1 Red2 28. Ne4 Kxf7 29. Nxd2 Rxd2 30. a3 Ke6 31. Rc1 Kd6 32. Rc8
Rd4 33. Rg8 Bf6 34. Rf8 Rxg4 35. Rxf6+ Kd5 36. Rf7 Rf4+ 37. Rxf4 exf4 38. Kf2
Ke4 39. b4 g5 40. a4 g4 41. b5 g3+ 42. Kg2 Ke3 43. a5 Ke2 44. b6 axb6 45. a6
bxa6 46. Kg1 f3 47. Kh1 f2 48. Kg2 f1=Q+ 49. Kxg3 Qf3+ 50. Kh2 Qg4 51. Kh1 Kf2
52. Kh2 Qg2# 0-1

[Event "DVM U16 2003"]
[Site "Greifswald GER"]
[Date "2003.12.27"]
[Round "1"]
[White "Otten, Thomas"]
[Black "Tsoumanis, Konstantinos"]
[Result "1-0"]
[Termination "normal"]
[Board "10.4"]
[WhiteElo "1324"]
[BlackElo "984"]
[WhiteTeam "SF 74 Heinsberg"]
[BlackTeam "Schachverein Gryps 2"]
[PlyCount "65"]
[EventCountry "GER"]
[EventRounds "7"]
[EventType "team-swiss"]
[EventDate "2003.12.26"]

1. e4 e5 2. Nf3 Nc6 3. Bb5 Nf6 4. Nc3 a6 5. Bxc6 bxc6 6. Nxe5 Bd6 7. Nf3 Bb4 8.
O-O O-O 9. d3 d6 10. Bg5 Bg4 11. h3 Bh5 12. e5 dxe5 13. g4 Bg6 14. Nxe5 Qd6 15.
Bf4 Qd4 16. Qf3 Bd6 17. Nxg6 hxg6 18. Bxd6 cxd6 19. Qxc6 Nh7 20. Qd5 Qb4 21.
Rab1 Nf6 22. Qf3 Nh7 23. a3 Ng5 24. Qxa8 Rxa8 25. axb4 Nf3+ 26. Kg2 Nd2 27.
Rfe1 Nxb1 28. Rxb1 Rb8 29. Nd5 Rb5 30. c4 Rb7 31. Ra1 Ra7 32. Ra5 Kh7 33. g5
1-0

[Event "DVM U16 2003"]
[Site "Greifswald GER"]
[Date "2003.12.27"]
[Round "2"]
[White "Strohhäker, Raoul"]
[Black "Nüsken, Nikolas"]
[Result "1-0"]
[Termination "normal"]
[Board "1.1"]
[WhiteElo "2106"]
[BlackElo "2209"]
[WhiteTeam "SF Conweiler"]
[BlackTeam "HSK/Post SV Hannover"]
[PlyCount "143"]
[WhiteFideId "4687400"]
[BlackFideId "24605891"]
[EventCountry "GER"]
[EventRounds "7"]
[EventType "team-swiss"]
[EventDate "2003.12.26"]

1. c4 e5 2. Nc3 Nf6 3. g3 d5 4. cxd5 Nxd5 5. Bg2 Nb6 6. Nf3 Nc6 7. O-O Be7 8.
d3 O-O 9. Be3 Be6 10. Qc1 Nd5 11. Rd1 Nxe3 12. Qxe3 Bd6 13. d4 exd4 14. Nxd4
Nxd4 15. Rxd4 Qc8 16. Qg5 f6 17. Qh5 Bf7 18. Qf3 Be5 19. Rh4 c6 20. Qd3 Bg6 21.
Be4 f5 22. Bd5+ Kh8 23. Bb3 Bf6 24. Rf4 Rd8 25. Qc4 Rd2 26. e4 Rxb2 27. exf5
Bxf5 28. Re1 Bg5 29. Rd4 Qf8 30. Nd1 Rd2 31. Rxd2 Bxd2 32. Re5 Bg6 33. Qe2 Bb4
34. Qg4 Rd8 35. h4 Bd6 36. Re1 Qf5 37. Qc4 Qc5 38. Ne3 Qxc4 39. Nxc4 Bb4 40.
Re3 Bc5 41. Rf3 Re8 42. Kf1 Bb4 43. a3 Bc5 44. g4 b5 45. Nd2 Rf8 46. a4 Rd8 47.
h5 Bd3+ 48. Kg1 Be2 49. Rf5 Bb4 50. axb5 cxb5 51. Ne4 h6 52. g5 Bd3 53. f3 hxg5
54. Bf7 Rf8 55. Kg2 a5 56. Kg3 Be1+ 57. Kg4 Bxe4 58. fxe4 Bd2 59. e5 Bb4 60. e6
Rb8 61. Kxg5 Bf8 62. Re5 Be7+ 63. Kg6 b4 64. Rxa5 b3 65. Ra1 b2 66. Rb1 Bf6 67.
h6 gxh6 68. Kxf6 Kh7 69. e7 Rb6+ 70. Be6 Rb8 71. Kf7 h5 72. e8=Q 1-0

[Event "DVM U16 2003"]
[Site "Greifswald GER"]
[Date "2003.12.27"]
[Round "2"]
[White "Abel, Dennes"]
[Black "Strohhäker, Ralph"]
[Result "1/2-1/2"]
[Termination "normal"]
[Board "1.2"]
[WhiteElo "2139"]
[BlackElo "2131"]
[WhiteTeam "HSK/Post SV Hannover"]
[BlackTeam "SF Conweiler"]
[PlyCount "127"]
[WhiteFideId "24605417"]
[BlackFideId "4693426"]
[EventCountry "GER"]
[EventRounds "7"]
[EventType "team-swiss"]
[EventDate "2003.12.26"]

1. d4 Nf6 2. c4 c5 3. d5 b5 4. cxb5 a6 5. bxa6 Bxa6 6. Nc3 d6 7. g3 g6 8. Bg2
Bg7 9. Nh3 O-O 10. O-O Nbd7 11. Qc2 Qa5 12. Bd2 Rfb8 13. b3 c4 14. Rab1 cxb3
15. axb3 Rc8 16. b4 Qd8 17. b5 Bb7 18. Qb3 Nb6 19. Rfd1 Ne8 20. Ra1 Rab8 21.
Rac1 Nc7 22. e4 Nd7 23. Nf4 Nc5 24. Qb1 Bc6 25. Bh3 Nxb5 26. Bxc8 Qxc8 27. Nxb5
Bxb5 28. Qa2 g5 29. Ng2 Ra8 30. Qb1 Qd7 31. Bxg5 Ra1 32. Qb4 Ra4 33. Qb1 h6 34.
Bxe7 Ra1 35. Qc2 Ba4 36. Qd2 Bxd1 37. Rxa1 Bxa1 38. Qxd1 Qxe7 39. Qxa1 Qxe4 40.
Ne3 Nb3 41. Qf6 Nd2 42. Qf4 Nf3+ 43. Kg2 Ne1+ 44. Kh3 Qxf4 45. gxf4 Nd3 46. Kg3
Kg7 47. Nf5+ Kg6 48. Nxd6 Nb4 49. f5+ Kf6 50. Kg4 Nxd5 51. Ne8+ Ke5 52. Ng7 Ne7
53. f4+ Ke4 54. Nh5 Nd5 55. Ng3+ Ke3 56. Nh5 Ke4 57. Ng3+ Ke3 58. Kh5 Kxf4 59.
Kxh6 Ne3 60. f6 Ng4+ 61. Kg7 Ke5 62. Nh5 Nxh2 63. Kxf7 Ng4 64. Ke7 1/2-1/2

[Event "DVM U16 2003"]
[Site "Greifswald GER"]
[Date "2003.12.27"]
[Round "2"]
[White "Augner, Björn"]
[Black "Romakin, Helene"]
[Result "0-1"]
[Termination "normal"]
[Board "1.3"]
[WhiteElo "1759"]
[BlackElo "2081"]
[WhiteTeam "SF Conweiler"]
[BlackTeam "HSK/Post SV Hannover"]
[PlyCount "44"]
[BlackFideId "24605964"]
[EventCountry "GER"]
[EventRounds "7"]
[EventType "team-swiss"]
[EventDate "2003.12.26"]

1. Nf3 Nf6 2. g3 g6 3. Bg2 Bg7 4. O-O O-O 5. c4 c5 6. d4 d6 7. Nc3 cxd4 8. Nxd4
a6 9. Qc2 Qc7 10. b3 Bd7 11. Bb2 Nc6 12. Rfd1 Nxd4 13. Rxd4 Bc6 14. e4 Rfc8 15.
Rad1 Rab8 16. R4d2 b5 17. cxb5 axb5 18. Qb1 Qa7 19. Kh1 Ra8 20. Bc1 Ng4 21. Qb2
b4 22. Nb5 Bxb5 0-1

[Event "DVM U16 2003"]
[Site "Greifswald GER"]
[Date "2003.12.27"]
[Round "2"]
[White "Laake, Jasmin"]
[Black "Augner, Claas"]
[Result "1-0"]
[Termination "normal"]
[Board "1.4"]
[WhiteElo "1975"]
[BlackElo "1392"]
[WhiteTeam "HSK/Post SV Hannover"]
[BlackTeam "SF Conweiler"]
[PlyCount "69"]
[WhiteFideId "4699939"]
[EventCountry "GER"]
[EventRounds "7"]
[EventType "team-swiss"]
[EventDate "2003.12.26"]

1. e4 e6 2. d4 d5 3. Nd2 Nf6 4. e5 Nfd7 5. f4 f5 6. Bd3 c5 7. c3 Nc6 8. Ndf3
Qb6 9. Ne2 Be7 10. O-O O-O 11. Kh1 cxd4 12. cxd4 Nb4 13. Bb1 Qa6 14. Rg1 Nb6
15. g4 Bd7 16. gxf5 exf5 17. Ng3 g6 18. h4 Kf7 19. Ng5+ Kg7 20. e6 Bxg5 21.
exd7 Bxh4 22. Nxf5+ Rxf5 23. Bxf5 Kf6 24. Qg4 Bf2 25. Qg5+ Kf7 26. d8=Q Rxd8
27. Qxd8 Bxg1 28. Qc7+ Kf6 29. Qe5+ Kf7 30. Be6+ Ke7 31. Bg4+ Kf7 32. Qe6+ Kf8
33. Kxg1 Nc6 34. f5 Ne7 35. f6 1-0

[Event "DVM U16 2003"]
[Site "Greifswald GER"]
[Date "2003.12.27"]
[Round "2"]
[White "Frübing, Stefan"]
[Black "Baldauf, Marco"]
[Result "1-0"]
[Termination "normal"]
[Board "2.1"]
[WhiteElo "2096"]
[BlackElo "2131"]
[WhiteTeam "SV Glück Auf Rüdersdorf"]
[BlackTeam "SG Pang/Rosenheim"]
[PlyCount "77"]
[WhiteFideId "4682165"]
[BlackFideId "4688210"]
[EventCountry "GER"]
[EventRounds "7"]
[EventType "team-swiss"]
[EventDate "2003.12.26"]

1. e4 c5 2. Nf3 e6 3. Be2 Nc6 4. O-O Nf6 5. Nc3 Qc7 6. d4 cxd4 7. Nxd4 a6 8. a4
Be7 9. Be3 d6 10. Kh1 Bd7 11. f4 O-O 12. Qe1 Nxd4 13. Bxd4 Bc6 14. Qg3 Rfe8 15.
Rae1 Bd8 16. e5 dxe5 17. Bxe5 Qb6 18. f5 exf5 19. Rxf5 Rxe5 20. Qxe5 Bc7 21.
Qc5 Qxb2 22. Nd1 Qa1 23. Bc4 Rf8 24. Ref1 Qxa4 25. Nb2 Bxg2+ 26. Kxg2 Qxc2+ 27.
R1f2 Qe4+ 28. R5f3 Be5 29. Qe7 Qg6+ 30. Kh1 Bd4 31. Rg2 Qh6 32. Qxb7 Qc1+ 33.
Rf1 Qe3 34. Nd1 Qh3 35. Nf2 Qh5 36. Qxa6 Bxf2 37. Rfxf2 Ng4 38. Bxf7+ Kh8 39.
Bxh5 1-0

[Event "DVM U16 2003"]
[Site "Greifswald GER"]
[Date "2003.12.27"]
[Round "2"]
[White "Lindenberg, Georg"]
[Black "Becker, Nils"]
[Result "0-1"]
[Termination "normal"]
[Board "2.2"]
[WhiteElo "1889"]
[BlackElo "2036"]
[WhiteTeam "SG Pang/Rosenheim"]
[BlackTeam "SV Glück Auf Rüdersdorf"]
[PlyCount "114"]
[WhiteFideId "24612170"]
[BlackFideId "4695216"]
[EventCountry "GER"]
[EventRounds "7"]
[EventType "team-swiss"]
[EventDate "2003.12.26"]

1. e4 c5 2. Nf3 Nc6 3. d4 cxd4 4. Nxd4 g6 5. Be3 Nf6 6. Nc3 Bg7 7. Bc4 O-O 8.
Bb3 d6 9. f3 Bd7 10. Qd2 Rc8 11. O-O-O Ne5 12. g4 b5 13. g5 Nh5 14. Nce2 a5 15.
f4 a4 16. fxe5 axb3 17. Nxb3 Bxe5 18. Bd4 Bxd4 19. Nexd4 Qb6 20. Kb1 Rc4 21.
Rhf1 Bg4 22. Rde1 e5 23. Nf3 Rfc8 24. Qg2 Be6 25. Qd2 Qa6 26. Nc1 Qc6 27. Rf2
Bg4 28. Ng1 Rxe4 29. Rxe4 Qxe4 30. Qxd6 Qe1 31. Rg2 Bf5 32. Nf3 Qe4 33. Qd1 Bg4
34. Rf2 Qf5 35. Qd5 Rxc2 36. Rxc2 Bxf3 37. Qd8+ Kg7 38. Nd3 Be4 39. Rd2 Nf4 40.
Kc2 Nxd3 41. Rxd3 Qf2+ 42. Kb3 Bxd3 43. Qxd3 Qc5 44. a4 bxa4+ 45. Kxa4 Qa7+ 46.
Kb3 h6 47. h4 hxg5 48. hxg5 Qe7 49. Qe3 f5 50. gxf6+ Qxf6 51. Kc4 Qf4+ 52. Kd3
Qxe3+ 53. Kxe3 Kf6 54. Kd3 Ke6 55. Kc4 Kd6 56. Kb5 g5 57. Ka6 g4 0-1